000 00641nam a2200277Ia 4500
005 20260324140733.0
008 008 260324s9999 xx 000 0 eng d
020 _a9780203015872
037 _aEBOOK
040 _aCRL
040 _beng
040 _cCRL
041 _2eng
041 _aeng
084 _qCRL
100 _aRussell D. Thompson
_91205548
245 0 _aAtmospheric Processes and Systems
260 _bTaylor and Francis
260 _c1998
365 _a
365 _b315
856 _uhttp://www.taylorfrancis.com/books/9780203015872
942 _cEBOOK
999 _c1807909
_d1807909